000 00678cam a22002413a 4500
001 32124
003 PGUSA
005 20140828083709.0
008 100424s2010||||xxu|||||s|||||000 1 eng d
040 _aPGUSA
_beng
042 _adc
050 4 _aPS
100 1 _aBone, Jesse F.
_q(Jesse Franklin),
_d1916-1986
245 1 0 _aTo Choke an Ocean
_h[electronic resource] /
_cJesse F. Bone
260 _bProject Gutenberg,
_c2010
506 _aPublic domain in the USA.
516 _aElectronic text
653 _aScience fiction
700 1 _aWood, Wallace,
_d1927-1981
830 0 _aProject Gutenberg
_v32124
856 4 0 _uhttp://www.gutenberg.org/ebooks/32124
942 _cEB
999 _c261379
_d261379